[Event "Quebec-ch U20"]
[Site "Montreal CAN"]
[Date "2001.05.06"]
[Round "4"]
[White "Feoktistov, Dmitri"]
[Black "Lawson, Eric"]
[Result "1-0"]
[WhiteElo "2014"]
[BlackElo "2075"]
[PlyCount "85"]
[EventDate "2001.05.04"]
[EventType "tourn"]
[EventRounds "5"]
[EventCountry "CAN"]

1. d4 Nf6 2. c4 e6 3. Nf3 b6 4. g3 Bb7 5. Bg2 Be7 6. Nc3 Ne4 7. O-O O-O 8. Qc2
Nxc3 9. Qxc3 Be4 10. Be3 f5 11. b4 Bf6 12. c5 Nc6 13. Rad1 bxc5 14. bxc5 Rb8
15. Ne1 Bxg2 16. Nxg2 g5 17. Rb1 Qe7 18. Qd2 Qg7 19. d5 Bc3 20. Qc1 Rxb1 21.
Qxb1 Rb8 22. Qd1 Nd4 23. dxe6 dxe6 24. Qd3 Qd7 25. Kh1 f4 26. Qxc3 fxe3 27.
Qxe3 Qg7 28. Rd1 e5 29. Qe4 Qg6 30. Qxe5 Ne6 31. Ne3 Rb1 32. Rxb1 Qxb1+ 33. Kg2
Qxa2 34. Nd5 Qa6 35. Qf6 Nf4+ 36. gxf4 Qxf6 37. Nxf6+ Kf7 38. fxg5 a5 39. Nd5
a4 40. h4 a3 41. Nb4 Ke6 42. h5 Kf5 43. f4 1-0

[Event "Mauricie op"]
[Site "Trois-Rivieres CAN"]
[Date "2001.03.18"]
[Round "5"]
[White "Lawson, Eric"]
[Black "Hua, Lefong"]
[Result "0-1"]
[WhiteElo "2076"]
[BlackElo "2309"]
[PlyCount "132"]
[EventDate "2001.03.16"]
[EventType "swiss"]
[EventRounds "5"]
[EventCountry "CAN"]

1. e4 c5 2. Nf3 e6 3. d4 cxd4 4. Nxd4 a6 5. Bd3 Nf6 6. c4 Qc7 7. Nc3 Be7 8. O-O
O-O 9. Kh1 d6 10. f4 Nbd7 11. g4 Nc5 12. Bc2 b6 13. g5 Nfd7 14. b4 Nb7 15. Qd3
g6 16. Bb2 Nd8 17. Bb3 Bb7 18. Rae1 Re8 19. Nc2 Bf8 20. Ne3 Bg7 21. Kg1 Rc8 22.
Rd1 Bc6 23. Qxd6 Qxd6 24. Rxd6 Bf8 25. Rd3 Bxb4 26. Ng4 Bc5+ 27. Kg2 Be7 28.
Nh6+ Kf8 29. Kg3 Nc5 30. Re3 e5 31. h4 exf4+ 32. Kxf4 Bd6+ 33. e5 Rxe5 34. Rxe5
Nd3+ 35. Ke3 Nxe5 36. Ne4 Bxe4 37. Kxe4 Nxc4 38. Bxc4 Rxc4+ 39. Kd5 Rc2 40.
Kxd6 Rxb2 41. Kc7 Rd2 42. a3 Rd3 43. Rf6 a5 44. Rxb6 Ne6+ 45. Kc6 Ng7 46. Kc7
Ne6+ 47. Kc6 Rc3+ 48. Kd6 Ng7 49. Rb7 Nf5+ 50. Nxf5 gxf5 51. Ke5 Kg7 52. h5
Rxa3 53. Kxf5 Rf3+ 54. Kg4 Rf1 55. Ra7 Rg1+ 56. Kf5 h6 57. gxh6+ Kxh6 58. Ke4
Re1+ 59. Kf4 Ra1 60. Kg4 Rg1+ 61. Kh4 Rh1+ 62. Kg4 Ra1 63. Rxf7 a4 64. Rf6+ Kg7
65. Ra6 a3 66. Kg3 a2 0-1

[Event "Quebec-ch U18"]
[Site "Montreal CAN"]
[Date "2001.03.10"]
[Round "2"]
[White "Gottlieb, Jonathan"]
[Black "Lawson, Eric"]
[Result "1-0"]
[WhiteElo "2116"]
[BlackElo "2042"]
[PlyCount "94"]
[EventDate "2001.03.09"]
[EventType "tourn"]
[EventRounds "5"]
[EventCountry "CAN"]

1. e4 c5 2. Nf3 Nc6 3. d4 cxd4 4. Nxd4 e5 5. Nb5 d6 6. N1c3 a6 7. Na3 b5 8. Nd5
Nge7 9. c4 Nd4 10. Be3 Nxd5 11. cxd5 Be7 12. Bd3 O-O 13. O-O f5 14. Bxd4 exd4
15. exf5 Bxf5 16. Nc2 Qb6 17. Nxd4 Qxd4 18. Bxf5 Qxb2 19. Qb3 Qd4 20. Rad1 Qf4
21. Be6+ Kh8 22. Rc1 Bf6 23. g3 Qd4 24. Rfd1 Qa7 25. Kg2 Bd4 26. f3 Bc5 27. Re1
Rae8 28. Qd3 Re7 29. Re4 g6 30. Rce1 b4 31. Qd2 Ree8 32. h4 Qg7 33. Rc1 Qf6 34.
Qe2 a5 35. h5 g5 36. g4 a4 37. Re1 Bd4 38. Qd3 Bc3 39. R1e3 Rb8 40. Bf5 Be5 41.
Qb1 Bd4 42. Rd3 Bc5 43. Rde3 Qg7 44. h6 Qc7 45. Qa1+ Kg8 46. Re7 Qxe7 47. Be6+
Qxe6 1-0

[Event "Quebec-ch U18"]
[Site "Montreal CAN"]
[Date "2001.03.10"]
[Round "3"]
[White "Lawson, Eric"]
[Black "Bachand-Fleurent, Julien"]
[Result "1-0"]
[WhiteElo "2042"]
[BlackElo "1983"]
[PlyCount "48"]
[EventDate "2001.03.09"]
[EventType "tourn"]
[EventRounds "5"]
[EventCountry "CAN"]

1. e4 e6 2. d4 d5 3. Nd2 Nf6 4. e5 Nfd7 5. f4 c5 6. c3 b6 7. Ndf3 Ba6 8. Bxa6
Nxa6 9. Nh3 b5 10. O-O Nb6 11. Qd3 Qd7 12. Be3 Nc4 13. Rf2 Rb8 14. Kh1 Be7 15.
a3 Nxe3 16. Qxe3 cxd4 17. Nxd4 Nc5 18. f5 Ne4 19. Rf4 g6 20. fxe6 fxe6 21. Raf1
Ng5 22. R4f2 Nxh3 23. Qxh3 Rf8 24. Qxh7 g5 1-0

[Event "Quebec-ch U18"]
[Site "Montreal CAN"]
[Date "2001.03.11"]
[Round "4"]
[White "Tessier, Olivier"]
[Black "Lawson, Eric"]
[Result "0-1"]
[WhiteElo "2099"]
[BlackElo "2042"]
[PlyCount "58"]
[EventDate "2001.03.09"]
[EventType "tourn"]
[EventRounds "5"]
[EventCountry "CAN"]

1. Nf3 g6 2. g3 Bg7 3. c4 e5 4. d3 d6 5. Nc3 Nc6 6. Bg2 f5 7. O-O Nf6 8. Ne1
O-O 9. Nc2 a5 10. Rb1 h6 11. a3 g5 12. b4 axb4 13. axb4 f4 14. b5 Ne7 15. Nb4
h5 16. Ncd5 Nfxd5 17. Nxd5 Nxd5 18. Bxd5+ Kh8 19. Bd2 Qf6 20. Kg2 Qf5 21. f3
Qh3+ 22. Kg1 fxg3 23. hxg3 Qxg3+ 24. Kh1 Qh4+ 25. Kg1 Bh3 26. Qe1 Bxf1 27. Qxf1
Ra2 28. Be1 Qf4 29. Qh3 h4 0-1

[Event "Carnaval"]
[Site "Quebec CAN"]
[Date "2001.02.11"]
[Round "4"]
[White "Lawson, Eric"]
[Black "Angers, Gilles"]
[Result "1-0"]
[WhiteElo "2026"]
[BlackElo "2007"]
[PlyCount "99"]
[EventDate "2001.02.09"]
[EventType "swiss"]
[EventRounds "5"]
[EventCountry "CAN"]

1. e4 e6 2. d4 d5 3. Nd2 dxe4 4. Nxe4 Bd7 5. Nf3 Bc6 6. Bd3 Nd7 7. O-O Ngf6 8.
Nfd2 Be7 9. b3 Nd5 10. Re1 O-O 11. Bb2 Nf4 12. Bf1 Ng6 13. g3 f5 14. Nc3 Nf6
15. Nc4 Nd5 16. Qe2 Rf6 17. Na5 Nxc3 18. Bxc3 Bd5 19. Nc4 Bd6 20. Nxd6 Nh4 21.
Bg2 Nxg2 22. Red1 Qxd6 23. f3 Qc6 24. Rd3 Nh4 25. gxh4 Qd6 26. Qe5 Qxe5 27.
dxe5 Rf7 28. Bb2 Rd7 29. c4 Bc6 30. Rxd7 Bxd7 31. Rd1 Bc6 32. Kf2 Kf7 33. h5
Ke8 34. Ba3 Rd8 35. Rxd8+ Kxd8 36. Bf8 g6 37. hxg6 hxg6 38. h4 Be8 39. Ke3 a6
40. Bb4 b6 41. c5 b5 42. Kf4 Ke7 43. Ba5 c6 44. Bc7 Bd7 45. Ke3 Be8 46. Bd6+
Kf7 47. Kd3 Bd7 48. Kc3 Ke8 49. Kb4 Bc8 50. Ka5 1-0

[Event "CAN-ch U20 2001"]
[Site "Montreal CAN"]
[Date "2001.01.03"]
[Round "1"]
[White "Lawson, Eric"]
[Black "Ng, Gary"]
[Result "1-0"]
[WhiteElo "2102"]
[BlackElo "1703"]
[PlyCount "79"]
[EventDate "2001.01.03"]
[EventType "swiss"]
[EventRounds "9"]
[EventCountry "CAN"]

1. e4 c6 2. d4 d5 3. exd5 cxd5 4. c4 Nf6 5. Nc3 e6 6. Nf3 Bb4 7. cxd5 Nxd5 8.
Bd2 O-O 9. Bd3 Nc6 10. O-O Be7 11. a3 Nf6 12. Be3 b6 13. Qe2 a5 14. Rad1 Bb7
15. Rfe1 Nd5 16. Ne4 h6 17. Bc1 Qc7 18. Bb1 Rfd8 19. Qc2 Rac8 20. Ng3 Bf6 21.
Qh7+ Kf8 22. Nf5 Nce7 23. Nxe7 Nxe7 24. Be3 Bxf3 25. gxf3 Nc6 26. d5 Ne5 27.
Be4 exd5 28. Rxd5 Rxd5 29. Bxd5 Ng6 30. Be4 Bxb2 31. Re2 Bxa3 32. Rc2 Bc5 33.
Bd4 Ne5 34. Bxe5 Qxe5 35. Qh8+ Ke7 36. Qxc8 a4 37. Re2 Qg5+ 38. Qg4 Qc1+ 39.
Kg2 Kd6 40. Qg3+ 1-0

[Event "CAN-ch U20 2001"]
[Site "Montreal CAN"]
[Date "2001.01.03"]
[Round "2"]
[White "Lawson, Eric"]
[Black "Gurevich, Artem"]
[Result "1/2-1/2"]
[WhiteElo "2102"]
[BlackElo "2312"]
[PlyCount "150"]
[EventDate "2001.01.03"]
[EventType "swiss"]
[EventRounds "9"]
[EventCountry "CAN"]

1. e4 c5 2. Nc3 Nc6 3. f4 g6 4. Nf3 Bg7 5. Bc4 e6 6. O-O Nge7 7. d3 O-O 8. Qe1
a6 9. a4 Nd4 10. Qf2 Rb8 11. Ba2 d5 12. e5 Nxf3+ 13. Qxf3 b5 14. axb5 axb5 15.
Ne2 d4 16. Qf2 Nd5 17. Bxd5 Qxd5 18. Qf3 Qxf3 19. Rxf3 Bb7 20. Rf1 Rfd8 21. Ra5
Bc6 22. Bd2 Bf8 23. b3 c4 24. Rfa1 Bd5 25. bxc4 bxc4 26. Nxd4 cxd3 27. cxd3 Rb2
28. Rd1 Rxd2 29. Rxd2 Bb4 30. Rxd5 Rxd5 31. Nf3 Bxd2 32. Nxd2 Rxd3 33. Ne4 Rd4
34. Nf6+ Kg7 35. g3 Rd2 36. h4 h6 37. Ne8+ Kf8 38. Nf6 Ra2 39. Kf1 g5 40. hxg5
hxg5 41. Nh7+ Kg7 42. Nxg5 Kg6 43. Nh3 Kf5 44. Nf2 Kg6 45. Kg2 Kg7 46. Kf3 Kf8
47. Ne4 Ke7 48. Kg4 Ra5 49. Nf6 Kd8 50. Kg5 Ra3 51. g4 Ra4 52. Ng8 Ke8 53. Nf6+
Kf8 54. Nd7+ Kg7 55. Nf6 Kf8 56. Nd7+ Ke7 57. Nf6 Kd8 58. Ng8 Kd7 59. Nh6 Ke7
60. Ng8+ Kd8 61. Nh6 Ke8 62. Ng8 Ra7 63. Nf6+ Kd8 64. Ng8 Ra4 65. Nh6 Ke8 66.
Ng8 Ra1 67. Nf6+ Kd8 68. Ng8 Rh1 69. Nh6 Ke8 70. Ng8 Rh8 71. Nf6+ Kd8 72. Nh5
Rg8+ 73. Kh4 Kc7 74. Nf6 Rg6 75. g5 Kd8 1/2-1/2

[Event "CAN-ch U20 2001"]
[Site "Montreal CAN"]
[Date "2001.01.04"]
[Round "3"]
[White "Bluvshtein, Mark"]
[Black "Lawson, Eric"]
[Result "1-0"]
[WhiteElo "2268"]
[BlackElo "2102"]
[PlyCount "75"]
[EventDate "2001.01.03"]
[EventType "swiss"]
[EventRounds "9"]
[EventCountry "CAN"]

1. e4 c5 2. Nf3 Nc6 3. d4 cxd4 4. Nxd4 e5 5. Nb5 d6 6. c4 Be7 7. N1c3 a6 8. Na3
f5 9. exf5 Bxf5 10. Nc2 Nf6 11. Ne3 Be6 12. Bd3 Rc8 13. O-O O-O 14. Ncd5 Bxd5
15. cxd5 Nd4 16. Nf5 Nd7 17. Qg4 Nxf5 18. Bxf5 Nf6 19. Qh3 Rc4 20. Bg5 g6 21.
Be6+ Kh8 22. Bh6 Re8 23. Bf7 Ng8 24. Bxe8 Rh4 25. Qe6 Nxh6 26. Rac1 Nf5 27. Rc8
Nd4 28. Rxd8 Nxe6 29. Rd7 Nf4 30. Rxe7 e4 31. g3 Rg4 32. f3 Nh3+ 33. Kg2 Nf4+
34. Kf2 Nh3+ 35. Ke3 exf3 36. Rxf3 Kg8 37. Bd7 Ng5 38. Be6+ 1-0

[Event "CAN-ch U20 2001"]
[Site "Montreal CAN"]
[Date "2001.01.04"]
[Round "4"]
[White "Davies, Lucas"]
[Black "Lawson, Eric"]
[Result "1-0"]
[WhiteElo "1936"]
[BlackElo "2102"]
[PlyCount "143"]
[EventDate "2001.01.03"]
[EventType "swiss"]
[EventRounds "9"]
[EventCountry "CAN"]

1. e4 c5 2. Nc3 Nc6 3. g3 g6 4. Bg2 Bg7 5. d3 d6 6. f4 Rb8 7. Nf3 b5 8. O-O b4
9. Ne2 Qb6 10. Kh1 a5 11. h3 a4 12. Rb1 Nf6 13. g4 Ba6 14. Be3 Qb5 15. e5 Nd5
16. Bg1 Nc7 17. exd6 exd6 18. Ng3 h6 19. Re1+ Kd7 20. f5 g5 21. Nh5 Rhg8 22.
Nxg7 Rxg7 23. Nd2 Bb7 24. Ne4 Ne8 25. Bh2 f6 26. Qe2 Re7 27. Kg1 d5 28. Bxb8
dxe4 29. Bh2 Nd4 30. Qf2 exd3 31. Rxe7+ Kxe7 32. Qe3+ Kf8 33. cxd3 Bxg2 34.
Kxg2 Qc6+ 35. Kf2 Nc7 36. Bxc7 Qxc7 37. Qg3 Qxg3+ 38. Kxg3 Ke7 39. Kf2 Nc2 40.
Rc1 b3 41. axb3 axb3 42. Ke2 Nd4+ 43. Ke3 Kd6 44. Rc4 Kd5 45. Ra4 Nc2+ 46. Kd2
Nd4 47. Kc3 Ne2+ 48. Kxb3 Nf4 49. Kc3 Nxh3 50. d4 Nf2 51. dxc5 Kxc5 52. Kd2 Kb5
53. b3 Nh3 54. Ke3 Kb6 55. Kf3 Ng1+ 56. Kf2 Nh3+ 57. Kg2 Nf4+ 58. Rxf4 gxf4 59.
Kf3 Kc5 60. Kxf4 Kd4 61. b4 Kd5 62. b5 Kc5 63. Kg3 Kxb5 64. Kh4 Kc6 65. Kh5 Kd7
66. Kxh6 Ke8 67. Kg6 Ke7 68. Kg7 Ke8 69. Kxf6 Kf8 70. g5 Kg8 71. g6 Kh8 72. Ke7
1-0

[Event "CAN-ch U20 2001"]
[Site "Montreal CAN"]
[Date "2001.01.05"]
[Round "5"]
[White "Lawson, Eric"]
[Black "Ramaswamy, Kiran"]
[Result "1-0"]
[WhiteElo "2102"]
[BlackElo "1860"]
[PlyCount "71"]
[EventDate "2001.01.03"]
[EventType "swiss"]
[EventRounds "9"]
[EventCountry "CAN"]

1. e4 c5 2. Nc3 Nc6 3. f4 g6 4. Nf3 Bg7 5. Bc4 d6 6. d3 Nf6 7. O-O O-O 8. Qe1
a6 9. Qh4 b5 10. Bb3 Nd4 11. Nxd4 cxd4 12. Ne2 Ng4 13. f5 Ne3 14. Rf3 e6 15. f6
e5 16. Bxe3 dxe3 17. g4 h6 18. g5 hxg5 19. Qxg5 Kh7 20. Qh4+ Bh6 21. Raf1 Ra7
22. Rxe3 Rh8 23. Rg3 b4 24. Rf2 a5 25. Rfg2 Qc7 26. Rg5 Rg8 27. Ng3 Qc5+ 28.
Kh1 Qe3 29. Nf5 Bxf5 30. exf5 Qf3 31. h3 d5 32. R5g3 Qf1+ 33. Rg1 Qxf5 34. Bxd5
Rc8 35. Be4 Qf2 36. Rxg6 1-0

[Event "CAN-ch U20 2001"]
[Site "Montreal CAN"]
[Date "2001.01.05"]
[Round "6"]
[White "Voloaca, Mihnea"]
[Black "Lawson, Eric"]
[Result "1-0"]
[WhiteElo "2237"]
[BlackElo "2102"]
[PlyCount "57"]
[EventDate "2001.01.03"]
[EventType "swiss"]
[EventRounds "9"]
[EventCountry "CAN"]

1. Nf3 g6 2. d4 Bg7 3. c4 Nf6 4. g3 O-O 5. Bg2 d6 6. O-O c5 7. Nc3 a6 8. dxc5
dxc5 9. Qxd8 Rxd8 10. Be3 Nfd7 11. Rfd1 Nc6 12. Na4 b5 13. Nxc5 Nxc5 14. Bxc5
Bxb2 15. Rxd8+ Nxd8 16. Rd1 Bf5 17. Nd4 Rc8 18. Nxf5 gxf5 19. cxb5 Rxc5 20.
Rxd8+ Kg7 21. bxa6 Ra5 22. Rd2 Ba3 23. Bb7 Bd6 24. e3 Bc5 25. Rd5 f4 26. gxf4
h5 27. Rxc5 Rxc5 28. a7 h4 29. h3 1-0

[Event "CAN-ch U20 2001"]
[Site "Montreal CAN"]
[Date "2001.01.06"]
[Round "7"]
[White "Davies, Noam"]
[Black "Lawson, Eric"]
[Result "0-1"]
[WhiteElo "1537"]
[BlackElo "2102"]
[PlyCount "86"]
[EventDate "2001.01.03"]
[EventType "swiss"]
[EventRounds "9"]
[EventCountry "CAN"]

1. e4 c5 2. Nc3 Nc6 3. g3 g6 4. Bg2 Bg7 5. f4 d6 6. Nf3 e6 7. d3 Nge7 8. O-O
Rb8 9. g4 f5 10. gxf5 exf5 11. Be3 Nd4 12. Rb1 b5 13. Ne2 Nxe2+ 14. Qxe2 b4 15.
exf5 Bxf5 16. Nh4 O-O 17. Nxf5 Nxf5 18. Bf2 Kh8 19. Qd2 Qf6 20. Kh1 Qf7 21. c4
Rbe8 22. Rfe1 Rxe1+ 23. Rxe1 Re8 24. Rb1 Bd4 25. Bxd4+ Nxd4 26. Be4 Rf8 27. Rf1
Qf6 28. Qf2 Ne6 29. f5 Nd4 30. Kg2 Nxf5 31. Bxf5 gxf5 32. Qc2 Qg5+ 33. Kh1 Qe3
34. b3 f4 35. Qb2+ Qe5 36. Qxe5+ dxe5 37. Kg2 Rd8 38. Rd1 e4 39. Kf2 Rxd3 40.
Re1 Rd2+ 41. Kf1 e3 42. h3 Kg7 43. Kg1 Kf6 0-1

[Event "CAN-ch U20 2001"]
[Site "Montreal CAN"]
[Date "2001.01.06"]
[Round "8"]
[White "Lawson, Eric"]
[Black "Rolfe, Warrick"]
[Result "1/2-1/2"]
[WhiteElo "2102"]
[BlackElo "2159"]
[PlyCount "101"]
[EventDate "2001.01.03"]
[EventType "swiss"]
[EventRounds "9"]
[EventCountry "CAN"]

1. e4 c5 2. Nc3 Nc6 3. f4 g6 4. Nf3 Bg7 5. Bc4 e6 6. O-O Nge7 7. d3 O-O 8. Qe1
d5 9. Bb3 Nd4 10. e5 Nxb3 11. axb3 Nc6 12. Qf2 b6 13. d4 cxd4 14. Nxd4 Nxd4 15.
Qxd4 f6 16. Be3 fxe5 17. fxe5 Bd7 18. Rxf8+ Bxf8 19. Qg4 Qc7 20. Bf4 Bg7 21.
Qe2 Rf8 22. Bg3 Rf5 23. Re1 Be8 24. Kh1 h5 25. h3 Kh7 26. Qd3 Qc5 27. h4 g5 28.
b4 Qc8 29. Qd4 Qd7 30. Kg1 Bg6 31. Ne4 gxh4 32. Bxh4 Rxe5 33. Nf6+ Bxf6 34.
Rxe5 Bxe5 35. Qxe5 Qf7 36. c3 Be4 37. Qf6 Qxf6 38. Bxf6 Kg6 39. Be5 Kf5 40. Bc7
Bd3 41. Kf2 Ke4 42. Ke1 Ke3 43. Bb8 Be4 44. Bxa7 Bxg2 45. Bxb6+ Ke4 46. Kf2 Bh3
47. Be3 e5 48. b5 Bc8 49. b6 d4 50. cxd4 exd4 51. Bxd4 1/2-1/2

[Event "CAN-ch U20 2001"]
[Site "Montreal CAN"]
[Date "2001.01.07"]
[Round "9"]
[White "Bachand-Fleurent, Julien"]
[Black "Lawson, Eric"]
[Result "1/2-1/2"]
[WhiteElo "2009"]
[BlackElo "2102"]
[PlyCount "50"]
[EventDate "2001.01.03"]
[EventType "swiss"]
[EventRounds "9"]
[EventCountry "CAN"]

1. e4 c5 2. Nc3 Nc6 3. g3 g6 4. Bg2 Bg7 5. d3 e6 6. Be3 d6 7. Qd2 h6 8. Nge2
Nd4 9. Nd1 Ne7 10. c3 Nxe2 11. Qxe2 Rb8 12. O-O b6 13. f4 f5 14. g4 O-O 15. Re1
Rf7 16. exf5 gxf5 17. h3 Kh7 18. g5 Ng6 19. Qh5 Qe8 20. Kh2 Re7 21. Bd2 Ba6 22.
Nf2 Nf8 23. Qh4 Ng6 24. Qh5 Nf8 25. Qh4 Ng6 1/2-1/2

[Event "Pere Noel"]
[Site "Montreal CAN"]
[Date "2000.12.26"]
[Round "1"]
[White "Lawson, Eric"]
[Black "Abreu Cordero, Jose"]
[Result "0-1"]
[WhiteElo "2011"]
[BlackElo "2200"]
[PlyCount "92"]
[EventDate "2000.12.26"]
[EventType "swiss"]
[EventRounds "5"]
[EventCountry "CAN"]

1. e4 c5 2. Nc3 d6 3. f4 Nc6 4. Nf3 Nf6 5. Bc4 e6 6. d3 a6 7. a4 Qc7 8. O-O Be7
9. Qe1 O-O 10. Qg3 Nb4 11. Ne1 d5 12. e5 Nh5 13. Qg4 g6 14. Ba2 b6 15. Kh1 Bb7
16. Bd2 Rad8 17. Bb1 d4 18. Ne4 Nd5 19. Ba2 b5 20. axb5 axb5 21. Bxd5 Rxd5 22.
Rf3 Bc8 23. Rh3 f5 24. exf6 Nxf6 25. Qf3 Nxe4 26. dxe4 Rd7 27. e5 Bb7 28. Qe2
c4 29. b3 Qc6 30. Qg4 Rf5 31. Nf3 c3 32. Be1 Qe4 33. Rd1 Qe2 34. Rc1 Ba3 35.
Ra1 Bb2 36. Rxh7 Qf1+ 37. Ng1 Kxh7 38. Rd1 Qxf4 39. Qe2 Qxe5 40. Qd3 Qe4 41.
Qg3 Rf1 42. Bxc3 Rxd1 43. Bxb2 Rf7 44. Ba3 Rff1 45. Qc7+ Kh6 46. Bf8+ Rxf8 0-1

[Event "Outaouais op"]
[Site "Hull CAN"]
[Date "2000.11.04"]
[Round "2"]
[White "Lawson, Eric"]
[Black "Gagnon, Fabien"]
[Result "1/2-1/2"]
[WhiteElo "1991"]
[BlackElo "2097"]
[PlyCount "100"]
[EventDate "2000.11.03"]
[EventType "swiss"]
[EventRounds "5"]
[EventCountry "CAN"]

1. e4 c5 2. Nc3 Nc6 3. f4 g6 4. Nf3 Bg7 5. Bc4 e6 6. O-O Nge7 7. Qe1 O-O 8. d3
d5 9. Bb3 b5 10. a3 c4 11. Ba2 b4 12. axb4 Nxb4 13. Bb1 cxd3 14. cxd3 Qb6+ 15.
Qf2 Qxf2+ 16. Kxf2 Bb7 17. Be3 Nec6 18. Bc5 Rfd8 19. e5 Na6 20. Bd6 Bf8 21. Nb5
Ncb4 22. Nfd4 Bxd6 23. Nxd6 Nc5 24. Ke3 Bc8 25. Rc1 Nb7 26. Rxc8 Rdxc8 27. Nxb7
Rc1 28. Ra4 Rxb1 29. Rxb4 a5 30. Rb5 a4 31. Nc5 Rh1 32. Nc2 Rxh2 33. Kf2 Rh4
34. Rb4 Rc8 35. d4 Rxf4+ 36. Kg3 Rf1 37. Rxa4 Rc1 38. Nb4 Rc4 39. Nbd3 Rb8 40.
Kf3 Kg7 41. Ke3 Rc2 42. g3 g5 43. Ra7 Kg6 44. b4 h5 45. Na6 Rbc8 46. Nac5 Rb8
47. Ra1 Rh8 48. b5 h4 49. g4 h3 50. b6 h2 1/2-1/2

[Event "Ottawa op"]
[Site "Ottawa CAN"]
[Date "2000.09.16"]
[Round "3"]
[White "Lawson, Eric"]
[Black "Pacey, Kevin"]
[Result "0-1"]
[WhiteElo "2025"]
[BlackElo "2338"]
[PlyCount "104"]
[EventDate "2000.09.16"]
[EventType "swiss"]
[EventRounds "5"]
[EventCountry "CAN"]

1. e4 e5 2. Nf3 Nc6 3. Bc4 Nf6 4. d3 Bc5 5. O-O d6 6. c3 O-O 7. Bg5 h6 8. Bh4
Bg4 9. Nbd2 g5 10. Bg3 Nh5 11. h3 Nxg3 12. hxg4 Nxf1 13. Kxf1 Qf6 14. b4 Bb6
15. Ke2 Nd8 16. Qh1 Ne6 17. g3 c6 18. Qh5 Rad8 19. Rh1 d5 20. Bb3 Kg7 21. Rh2
Rh8 22. a3 Nc7 23. a4 a5 24. b5 cxb5 25. exd5 bxa4 26. Bxa4 Nxd5 27. Ne4 Qe7
28. Bb3 Nf6 29. Nxf6 Qxf6 30. Bc4 Rhe8 31. Nd2 Qg6 32. Qh3 e4 33. d4 Re7 34.
Nf1 Rc7 35. Ne3 Rdc8 36. Bd5 Rh8 37. Kd2 Kf8 38. Qg2 a4 39. Bxe4 Qd6 40. Nf5
Qa3 41. Qf3 Ba5 42. Rxh6 Rxh6 43. Nxh6 Qxc3+ 44. Qxc3 Rxc3 45. Kd1 a3 46. Bd5
b5 47. Nxf7 b4 48. Nxg5 b3 49. Ne6+ Ke7 50. g5 a2 51. g6 a1=Q+ 52. Ke2 b2 0-1

[Event "Lanaudiere"]
[Site "Repentigny CAN"]
[Date "2000.10.14"]
[Round "2"]
[White "Mikanovic, Goran"]
[Black "Lawson, Eric"]
[Result "1-0"]
[WhiteElo "2323"]
[BlackElo "1921"]
[PlyCount "89"]
[EventDate "2000.08.18"]
[EventType "swiss"]
[EventRounds "5"]
[EventCountry "CAN"]

1. d4 Nf6 2. c4 e6 3. Nc3 Bb4 4. Qc2 c5 5. dxc5 Bxc5 6. Nf3 Qb6 7. e3 Qc7 8.
Be2 a6 9. O-O b6 10. b3 Be7 11. Bb2 Bb7 12. h3 d6 13. Rac1 Nbd7 14. Rfd1 O-O
15. Ng5 Rac8 16. Nce4 Nxe4 17. Nxe4 d5 18. Qd2 Qb8 19. cxd5 exd5 20. Ng3 Rfd8
21. Nf5 Bf8 22. Rxc8 Qxc8 23. Bxg7 Nc5 24. Bg4 Qc6 25. Qd4 f6 26. Qxf6 Qxf6 27.
Bxf6 Re8 28. Bd4 a5 29. Bf3 Rd8 30. g4 Kf7 31. Kg2 Ke6 32. h4 h5 33. Ng3 hxg4
34. Bxg4+ Kd6 35. h5 Kc6 36. Rh1 Bh6 37. Nf5 Rd6 38. Nxh6 Rxh6 39. Bg7 Rh7 40.
h6 d4 41. Bf3+ Kb5 42. Bxb7 Nxb7 43. exd4 Nd6 44. Rh5+ Kc6 45. a4 1-0

[Event "CAN-op"]
[Site "Edmonton, CAN"]
[Date "2000.07.08"]
[Round "1"]
[White "Bubar, Rob"]
[Black "Lawson, Eric"]
[Result "0-1"]
[WhiteElo "1666"]
[BlackElo "1904"]
[PlyCount "62"]
[EventDate "2000.07.08"]
[EventType "swiss"]
[EventRounds "10"]
[EventCountry "CAN"]

1. e4 c5 2. Nf3 Nc6 3. d4 cxd4 4. Nxd4 e5 5. Nb3 Bb4+ 6. c3 Be7 7. Bc4 Nf6 8.
N1d2 d5 9. exd5 Nxd5 10. O-O O-O 11. Ne4 Nb6 12. Qe2 Nxc4 13. Qxc4 Be6 14. Qb5
Rb8 15. f4 Bf5 16. Ng3 Bd3 17. c4 Bxf1 18. Nxf1 a6 19. Qd5 Qxd5 20. cxd5 Nb4
21. fxe5 Nxd5 22. Ne3 Nxe3 23. Bxe3 Rbc8 24. Bd2 b5 25. a3 Rfd8 26. Bc3 g6 27.
Nd2 Rxc3 28. bxc3 Rxd2 29. a4 Bc5+ 30. Kf1 Rf2+ 31. Ke1 Rxg2 0-1

[Event "CAN-op"]
[Site "Edmonton, CAN"]
[Date "2000.07.09"]
[Round "2"]
[White "Lawson, Eric"]
[Black "Sadov, Sergey"]
[Result "0-1"]
[WhiteElo "1904"]
[BlackElo "2119"]
[PlyCount "124"]
[EventDate "2000.07.08"]
[EventType "swiss"]
[EventRounds "10"]
[EventCountry "CAN"]

1. e4 b6 2. d4 Bb7 3. Nc3 e6 4. a3 d6 5. Nf3 Nd7 6. Bc4 c6 7. O-O Be7 8. Bf4 g5
9. Bd2 h6 10. Ne1 Qc7 11. f4 O-O-O 12. f5 d5 13. fxe6 dxc4 14. exd7+ Qxd7 15.
Be3 Nf6 16. Qf3 Ng4 17. Rd1 Bf6 18. Ne2 c5 19. c3 Rhe8 20. d5 Be5 21. Ng3 Bxg3
22. hxg3 f5 23. Bc1 fxe4 24. Qe2 Rf8 25. Qxc4 Rxf1+ 26. Qxf1 Re8 27. Nc2 Bxd5
28. c4 Bxc4 29. Rxd7 Bxf1 30. Rxa7 Bb5 31. Ra8+ Kd7 32. Rxe8 Kxe8 33. Ne3 Nxe3
34. Bxe3 Kd7 35. b4 Kd6 36. Kf2 Bd3 37. bxc5+ bxc5 38. a4 Ba6 39. Bd2 Kd5 40.
Ke3 Bb7 41. a5 Ba6 42. Bc3 h5 43. g4 hxg4 44. g3 Bb7 45. Bf6 Kc4 46. Bxg5 Kc3
47. Kf4 Kd3 48. Be7 c4 49. Bc5 c3 50. Be3 Ke2 51. Bc1 Kd1 52. Be3 c2 53. Kxg4
c1=Q 54. Bxc1 Kxc1 55. Kf4 Kd2 56. a6 Ba8 57. g4 e3 58. g5 e2 59. g6 e1=Q 60.
Kg5 Qe7+ 61. Kh6 Be4 62. a7 Qf6 0-1

[Event "CAN-op"]
[Site "Edmonton, CAN"]
[Date "2000.07.09"]
[Round "3"]
[White "Gemmell, Ian"]
[Black "Lawson, Eric"]
[Result "0-1"]
[WhiteElo "1344"]
[BlackElo "1904"]
[PlyCount "44"]
[EventDate "2000.07.08"]
[EventType "swiss"]
[EventRounds "10"]
[EventCountry "CAN"]

1. f4 e5 2. fxe5 d6 3. exd6 Bxd6 4. Nf3 g5 5. g3 g4 6. Nh4 Ne7 7. e4 Ng6 8. Nf5
h5 9. d4 Bxf5 10. exf5 Ne7 11. Bg5 Nd7 12. Qe2 f6 13. Bh4 c5 14. dxc5 Bxc5 15.
Nc3 Qb6 16. O-O-O O-O-O 17. Nd5 Nxd5 18. Rxd5 Rhe8 19. Qc4 Re1+ 20. Kd2 Ne5 21.
Rxd8+ Qxd8+ 22. Kxe1 Nf3+ 0-1

[Event "CAN-op"]
[Site "Edmonton, CAN"]
[Date "2000.07.10"]
[Round "4"]
[White "Lawson, Eric"]
[Black "Daniluk, Jim"]
[Result "1/2-1/2"]
[WhiteElo "1904"]
[BlackElo "2123"]
[PlyCount "42"]
[EventDate "2000.07.08"]
[EventType "swiss"]
[EventRounds "10"]
[EventCountry "CAN"]

1. e4 c5 2. Nc3 Nc6 3. f4 e6 4. Nf3 Nge7 5. d4 cxd4 6. Nxd4 Nxd4 7. Qxd4 Nc6 8.
Qf2 Bb4 9. Bd3 d5 10. O-O d4 11. Nb1 h5 12. Nd2 O-O 13. f5 Ne5 14. Qg3 Bd6 15.
h3 Ng4 16. Qe1 Ne3 17. Rf3 exf5 18. exf5 Re8 19. Qf2 Nd1 20. Qf1 Ne3 21. Qf2
Nd1 1/2-1/2

[Event "CAN-op"]
[Site "Edmonton, CAN"]
[Date "2000.07.11"]
[Round "5"]
[White "Lawson, Eric"]
[Black "McKim, Fred"]
[Result "1/2-1/2"]
[WhiteElo "1904"]
[BlackElo "2062"]
[PlyCount "160"]
[EventDate "2000.07.08"]
[EventType "swiss"]
[EventRounds "10"]
[EventCountry "CAN"]

1. e4 e5 2. Nf3 Nc6 3. Bc4 Nf6 4. d3 Be7 5. O-O d6 6. c3 O-O 7. Bg5 h6 8. Bh4
Na5 9. Nbd2 c6 10. Re1 Nxc4 11. Nxc4 Be6 12. Ne3 g6 13. h3 Nh7 14. Bxe7 Qxe7
15. d4 Ng5 16. Nf1 Qf6 17. Nxg5 Qxg5 18. Qd2 Rfe8 19. Qxg5 hxg5 20. Nh2 Kg7 21.
Re3 f6 22. Nf3 g4 23. hxg4 Bxg4 24. Nd2 Rad8 25. Rae1 exd4 26. cxd4 Re7 27. f4
Kf7 28. Kf2 d5 29. e5 fxe5 30. fxe5 Rf8 31. Kg3 Be6 32. Rf1+ Kg7 33. Rxf8 Kxf8
34. Nf3 Re8 35. Ng5 Ke7 36. Nxe6 Kxe6 37. b4 b6 38. Rf3 c5 39. bxc5 bxc5 40.
Rf6+ Kd7 41. Rd6+ Kc7 42. Rxd5 cxd4 43. Kf4 Rf8+ 44. Kg5 Rf2 45. g4 Rxa2 46.
Kxg6 Re2 47. Kf5 Rf2+ 48. Ke6 Rd2 49. g5 Rg2 50. Kf6 Rf2+ 51. Ke7 Rg2 52. e6 d3
53. Kf6 Rf2+ 54. Kg7 Re2 55. Kf7 Rf2+ 56. Ke8 d2 57. e7 Rf5 58. Rxd2 Rxg5 59.
Rc2+ Kb6 60. Rc4 Re5 61. Kd7 Kb5 62. Rd4 a5 63. Rd5+ Rxd5+ 64. Ke6 Rc5 65.
e8=Q+ Kb4 66. Qb8+ Rb5 67. Qf4+ Kc5 68. Qa4 Rb6+ 69. Kd7 Rb7+ 70. Kc8 Rb4 71.
Qxa5+ Kc4 72. Kc7 Kb3 73. Qd5+ Kc3 74. Kc6 Rc4+ 75. Kb5 Rd4 76. Qe5 Kd3 77. Qe1
Re4 78. Qg3+ Kd4 79. Kc6 Kc4 80. Qf2 Re6+ 1/2-1/2